| 000 | 01249cam a2200325 i 4500 | ||
|---|---|---|---|
| 001 | 18838747 | ||
| 003 | SISC | ||
| 005 | 20161115134841.0 | ||
| 008 | 151030s2016 enk b 001 0 eng | ||
| 010 | _a 2015042645 | ||
| 020 | _a9780415686709 (hardback : alk. paper) | ||
| 020 | _a9780415686693 (pbk. : alk. paper) | ||
| 020 | _z9781315625218 (e-book) | ||
| 040 |
_aDLC _beng _cDLC _erda _dDLC |
||
| 042 | _apcc | ||
| 050 | 0 | 0 |
_aBF 47 _b.N45 2016 |
| 082 | 0 | 0 | _a170.1/9 |
| 100 | 1 |
_aNeill, Calum, _d1968- _eauthor. |
|
| 245 | 1 | 0 |
_aEthics and psychology : _bbeyond codes of practice / _cCalum Neill. |
| 260 |
_aNew York : _bRoutledge, _c2016. |
||
| 300 |
_axi, 123 pages ; _c23 cm. |
||
| 490 | 0 | _aConcepts for critical psychology | |
| 504 | _aIncludes bibliographical references and index. | ||
| 505 | 0 | _aConjunctions -- A familiar scene -- Culture -- Nature -- Consequences -- The good will -- Phronesis -- Limits of reason -- Agency -- Beyond unity -- Negative capability -- Poiesis. | |
| 650 | 0 | _aPsychology. | |
| 650 | 0 |
_aEthics _xPsychological aspects. |
|
| 906 |
_a7 _bcbc _corignew _d1 _eecip _f20 _gy-gencatlg |
||
| 942 |
_2lcc _cBK |
||
| 999 |
_c305267 _d305267 |
||